000 01194pam a2200337 a 4500
001 AAC00042087
005 20250116122426.0
008 991022s2000 nyu 000 1 eng
010 _a99055532
020 _a0312203837
035 _a(CoDU)b22283687-01uode_inst
035 _a(DLC)AAC00042087
035 _a(OCoLC)42736395
040 _aDLC
_cDLC
_dDLC
_erda
092 _afiction
_bHall, James W.
100 1 _aHall, James W.
_q(James Wilson),
_d1947-
_914334
245 1 0 _aRough draft :
_ba novel /
_cJames W. Hall.
250 _a1st ed.
260 _aNew York :
_bSt. Martin's Press,
_c2000.
264 _aNew York
_bSt. Martin's Press
_c2000
300 _a335 p. ;
_c25 cm.
520 _aNovelist Hannah Keller searches for the man who hold the key to solving her parents' murder. FBI agent Frank Sheffield wants him to help find the hitman who murdered a senator's daughter.
650 0 _aAuthorship
_vFiction.
_95701087
650 0 _aMurder victims' families
_vFiction.
_95681342
650 0 _aWomen novelists
_vFiction.
_95673989
655 0 _aDetective and mystery stories.
942 _2ddc
_cBOOK
999 _c403687
_d403687